LEADER 00895nam a2200253 i 4500 001 991001080059707536 005 20020502183315.0 008 970427s1992 it ||| | ita 020 $a882047459x 035 $ab11460854-39ule_inst 035 $aPRUMB54584$9ExL 040 $aDip. di SSSC - Sociologia$bita 110 2 $aISFOL $0423065 245 10$aDiventare giornalista :$bprospettive opportunitą scuole /$cISFOL ; ricerca realizzata da Maria Rosaria Colella 260 $aMilano :$bAngeli,$cc1992 300 $a91 p. ;$c22 cm. 490 0 $aSR 650 4$aComunicazioni di massa 907 $a.b11460854$b01-03-17$c01-07-02 912 $a991001080059707536 945 $aLE021 C1D43$g1$iLE021N-9888$lle021$o-$pE0.00$q-$rl$s- $t0$u0$v0$w0$x0$y.i1164879x$z01-07-02 996 $aDiventare giornalista$9618677 997 $aUNISALENTO 998 $ale021$b01-01-97$cm$da $e-$fita$git $h0$i1